000
00315nam a2200121Ia 4500
008
190216s9999||||xx |||||||||||||| ||und||
100
_a
"Gupta Sp, Gupta Pk, Man Mohan"
245
0
_a
Quantitative Techniques
260
_b
King`S Books Delhi
_c
2003
300
_a
636p
650
_a
Quantitative Techniques
942
_c
BK
999
_c
6412
_d
6412